Cluster de servicios, mercados de competencia imperfecta, turismo y desarrollo urbano en la ciudad de Liberia /
Se pretende demostrar si los rendimientos crecientes son el atractivo principal que genera la aglomeración de empresas, la estructura del mercado subyacente a los procesos de urbanización y desarrollo regional relacionadas con la expansión del turismo y el sector inmobiliario, que han llevado a la f...
שמור ב:
| מחבר ראשי: | |
|---|---|
| פורמט: | Texto |
| נושאים: | |
| תגים: |
הוספת תג
אין תגיות, היה/י הראשונ/ה לתייג את הרשומה!
|
MARC
| LEADER | 00000 a a2200000 04500 | ||
|---|---|---|---|
| 001 | 42988 | ||
| 003 | |||
| 040 | |||
| 100 | |a Acuña O., Marvin | ||
| 245 | |a Cluster de servicios, mercados de competencia imperfecta, turismo y desarrollo urbano en la ciudad de Liberia / |c Marvin Acuña O. | ||
| 500 | |a maovac@gmail.com | ||
| 520 | |a Se pretende demostrar si los rendimientos crecientes son el atractivo principal que genera la aglomeración de empresas, la estructura del mercado subyacente a los procesos de urbanización y desarrollo regional relacionadas con la expansión del turismo y el sector inmobiliario, que han llevado a la formación de un cluster de servicios en la cuidad de Liberia. | ||
| 590 | |a KSR/AGOSTO2012 | ||
| 650 | |a TURISMO | ||
| 650 | |a URBANISMO | ||
| 650 | |a MERCADO | ||
| 650 | |a COMPETENCIA | ||
| 650 | |a LIBERIA | ||
| 650 | |a COSTA RICA | ||
| 773 | |g volumen8, número1 (2011), páginas 113-150 | ||
| 999 | |c 21618 |d 21618 | ||
